Songs w/ Weather Terms in the Title - Statistics

General Stats
  • This quiz has been taken 552 times
  • The average score is 10 of 20
Answer Stats
Hint Answer % Correct
Purple Rain Prince
90%
Candle in the Wind Elton John
82%
Purple Haze Jimi Hendrix Experience
79%
Thunderstruck AC/DC
70%
Set Fire to the Rain Adele
68%
November Rain Guns N' Roses
67%
House of the Rising Sun The Animals
64%
Have You Ever Seen the Rain Creedence Clearwater Revival
56%
Dust in the Wind Kansas
54%
Blowin' in the Wind Bob Dylan
53%
Sunshine of Your Love Cream
51%
Rock You Like a Hurricane Scorpions
51%
Get Off of My Cloud The Rolling Stones
46%
It's Raining Men The Weather Girls
44%
Good Day Sunshine The Beatles
41%
Walking on Sunshine Katrina and the Waves
39%
Against the Wind Bob Seger
29%
No Rain Blind Melon
28%
Fool in the Rain Led Zeppelin
21%
I Wish it Would Rain The Temptations
9%
No matching quizzes found
Score Distribution
Percent of People with Each Score
Percentile by Number Answered
Your Score History
You have not taken this quiz